Feedback Control Systems (Record no. 295610)
[ view plain ]
| 000 -LEADER | |
|---|---|
| fixed length control field | 00405nam a2200157Ia 4500 |
| 008 - FIXED-LENGTH DATA ELEMENTS--GENERAL INFORMATION | |
| fixed length control field | 230718s9999 xx 000 0 und d |
| 041 ## - LANGUAGE CODE | |
| Language code of text/sound track or separate title | eng |
| 082 ## - DEWEY DECIMAL CLASSIFICATION NUMBER | |
| Classification number | 629.83 |
| Item number | GOY |
| 100 ## - MAIN ENTRY--PERSONAL NAME | |
| Personal name | Goyal S.C. |
| 245 ## - TITLE STATEMENT | |
| Title | Feedback Control Systems |
| 260 ## - PUBLICATION, DISTRIBUTION, ETC. (IMPRINT) | |
| Date of publication, distribution, etc. | 1996 |
| Name of publisher, distributor, etc. | Technical Publication |
| 300 ## - PHYSICAL DESCRIPTION | |
| Extent | 552 |
| 365 ## - TRADE PRICE | |
| Currency code | Rs. |
| Price amount | 210.00 |
| 700 ## - ADDED ENTRY--PERSONAL NAME | |
| Personal name | Goyal S.C. & Bakshi U.A. |
| 906 ## - LOCAL DATA ELEMENT F, LDF (RLIN) | |
| d | B:111509-Sep-1996 |
| c | ETC |
| b | 31.5 |
| Withdrawn status | Lost status | Damaged status | Not for loan | Home library | Current library | Date acquired | Vendor | Budget Code | Cost, normal purchase price | Bill number | Total Checkouts | Full call number | Barcode | Date last seen | Discount | Cost, replacement price | Bill Date | Koha item type | Original Barcode |
|---|---|---|---|---|---|---|---|---|---|---|---|---|---|---|---|---|---|---|---|
| Cummins College of Engineering for Women Pune | Cummins College of Engineering for Women Pune | 12/09/1996 | Pradeep Book Distributors | ETC | 178.50 | 1115 | 629.83 | CCEP-BK-6815 | 18/07/2023 | 31.5 | 210.00 | 09/09/1996 | Books | 006815 |